[Event "Let's Play Chess!"]
[Site "http://www.queenalice.com/game.php?id=1502437"]
[Date "2017.11.8"]
[Round "-"]
[White "LouisLeRouge"]
[Black "ipatov"]
[Result "1-0"]
[WhiteElo "2176"]
[BlackElo "2275"]

1. e4 c5 2. Nf3 e6 3. g3 Nc6 4. Bg2 Nf6 5. Qe2 d6 6. O-O e5 7. c3 Be7 8. Rd1 O-O
9. d4 cxd4 10. cxd4 Bg4 11. dxe5 Nxe5 12. h3 Nxf3+ 13. Bxf3 Bxf3 14. Qxf3 Qb6
15. Nc3 h6 16. Qe2 Rfe8 17. Be3 Qc6 18. f3 Qc8 19. Kg2 Qe6 20. Nb5 Rac8 21. Nxa7
Ra8 22. Nb5 Rac8 23. Nd4 Qd7 24. Rac1 1-0

[Event "Let's Play Chess!"]
[Site "http://www.queenalice.com/game.php?id=1502494"]
[Date "2017.11.8"]
[Round "-"]
[White "ipatov"]
[Black "LouisLeRouge"]
[Result "0-1"]
[WhiteElo "2260"]
[BlackElo "2191"]

1. Nf3 Nf6 2. b3 c5 3. Bb2 Nc6 4. c4 e6 5. g3 d5 6. cxd5 exd5 7. Bg2 Bd6 8. O-O
O-O 9. d4 cxd4 10. Nxd4 Re8 11. e3 Bg4 12. Qd2 Rc8 13. Nc3 Nxd4 14. Qxd4 Be5 15.
Qd2 d4 16. exd4 Qxd4 17. Qxd4 Bxd4 18. Rac1 b5 19. Bb7 Rb8 20. Bc6 Re6 21. Nd1
Bxb2 22. Nxb2 Re2 23. Nd1 Bh3 24. Bg2 Bxg2 25. Kxg2 b4 26. Ra1 Nd5 27. Kf3 Rd2
28. Re1 g6 29. Ne3 Nxe3 0-1

[Event "Let's Play Chess!"]
[Site "http://www.queenalice.com/game.php?id=1502495"]
[Date "2017.11.9"]
[Round "-"]
[White "ipatov"]
[Black "TomasBlack"]
[Result "1-0"]
[WhiteElo "2258"]
[BlackElo "2378"]

1. Nf3 d5 2. b3 Nc6 3. Bb2 f6 4. d4 e5 5. dxe5 fxe5 6. Nxe5 Nxe5 7. Bxe5 Bf5 8.
e3 Nf6 9. Bd3 Be6 10. O-O Bd6 11. Bxd6 Qxd6 12. Nd2 h5 13. Bg6+ Bf7 14. Bxf7+
Kxf7 15. c4 dxc4 16. Nxc4 Qxd1 17. Rfxd1 Rhe8 18. Rac1 Re7 19. Na5 Rb8 20. Rd4
Re4 21. Rxe4 Nxe4 22. Rxc7+ Kg6 23. Nxb7 1-0

[Event "AUTO-MASTER-2549"]
[Site "http://www.queenalice.com/game.php?id=1503562"]
[Date "2017.11.14"]
[Round "2"]
[White "Lamorteoscura77"]
[Black "ipatov"]
[Result "1-0"]
[WhiteElo "2182"]
[BlackElo "2143"]

1. e4 c5 2. Nf3 e6 3. d4 cxd4 4. Nxd4 Nc6 5. Be2 Qc7 6. Nc3 a6 7. Be3 Nxd4 8.
Bxd4 Ne7 9. O-O Nc6 10. Be3 Bd6 11. f4 O-O 12. e5 Bb4 13. Na4 d5 14. Bb6 Qb8 15.
Bd3 g6 16. Rf3 Bd7 17. Rh3 1-0

[Event "AUTO-MASTER-2549"]
[Site "http://www.queenalice.com/game.php?id=1503563"]
[Date "2017.11.14"]
[Round "2"]
[White "ipatov"]
[Black "Lamorteoscura77"]
[Result "0-1"]
[WhiteElo "2155"]
[BlackElo "2157"]

1. c4 c6 2. Nc3 d5 3. d4 Nf6 4. Nf3 e6 5. e3 Nbd7 6. Qc2 Be7 7. g4 Nxg4 8. Rg1
h5 9. h3 Nh6 10. Rxg7 Bf6 11. Rg1 dxc4 12. Bxc4 b5 13. Be2 Bb7 14. e4 Kf8 15.
Bf4 b4 0-1

[Event "AUTO-OPEN-3871"]
[Site "http://www.queenalice.com/game.php?id=1503695"]
[Date "2017.11.15"]
[Round "1"]
[White "astrologo"]
[Black "ipatov"]
[Result "1-0"]
[WhiteElo "2235"]
[BlackElo "2165"]

1. Nf3 g6 2. d4 Bg7 3. c4 Nf6 4. Nc3 O-O 5. e4 d6 6. Be2 c5 7. d5 e6 8. O-O exd5
9. exd5 a6 10. a4 Bg4 11. h3 Bxf3 12. Bxf3 Nbd7 13. Bf4 Ne8 14. Bg3 Ne5 15. Be2
g5 16. Qc2 Ng6 17. Rfe1 f5 18. Bh5 1-0

[Event "AUTO-OPEN-3871"]
[Site "http://www.queenalice.com/game.php?id=1503696"]
[Date "2017.11.15"]
[Round "1"]
[White "ipatov"]
[Black "astrologo"]
[Result "0-1"]
[WhiteElo "2190"]
[BlackElo "2221"]

1. c4 c5 2. Nc3 Nc6 3. g3 g6 4. Bg2 Bg7 5. e3 Nf6 6. Nge2 O-O 7. O-O Rb8 8. d4
cxd4 9. exd4 d6 10. Re1 Re8 11. d5 Ne5 12. b3 Bg4 13. Kh1 Bf3 14. Bb2 Nfg4 15.
Rf1 Qc8 0-1

[Event "AUTO-OPEN-3871"]
[Site "http://www.queenalice.com/game.php?id=1503723"]
[Date "2017.11.15"]
[Round "1"]
[White "lida"]
[Black "ipatov"]
[Result "1-0"]
[WhiteElo "2428"]
[BlackElo "2195"]

1. e4 c5 2. Nf3 e6 3. d4 cxd4 4. Nxd4 Nc6 5. Nc3 Qc7 6. Be2 a6 7. Be3 Nf6 8. O-O
Bb4 9. Nxc6 Qxc6 10. Bf3 Bxc3 11. bxc3 d5 12. exd5 exd5 13. Bd4 O-O 14. c4 Ne4
15. cxd5 Qxd5 16. Bxg7 Qxd1 17. Rfxd1 1-0

[Event "AUTO-OPEN-3871"]
[Site "http://www.queenalice.com/game.php?id=1503724"]
[Date "2017.11.15"]
[Round "1"]
[White "ipatov"]
[Black "lida"]
[Result "0-1"]
[WhiteElo "2200"]
[BlackElo "2423"]

1. c4 Nf6 2. Nc3 g6 3. g3 Bg7 4. Bg2 O-O 5. e3 e5 6. Nge2 d6 7. O-O c6 8. f4 Re8
9. b4 Nbd7 10. d4 exd4 11. exd4 Nb6 12. Qb3 Be6 13. d5 cxd5 14. cxd5 Nfxd5 0-1

[Event "AUTO-OPEN-3871"]
[Site "http://www.queenalice.com/game.php?id=1503741"]
[Date "2017.11.15"]
[Round "1"]
[White "maurice91"]
[Black "ipatov"]
[Result "1-0"]
[WhiteElo "1793"]
[BlackElo "2246"]

1. d4 Nf6 2. Nf3 g6 3. c4 Bg7 4. Nc3 O-O 5. e4 d6 6. Be2 c5 7. Bg5 cxd4 8. Nxd4
Nc6 9. O-O a6 10. Nb3 b6 11. Rc1 Bb7 12. Bf3 Ne5 13. Bxf6 Bxf6 14. Nd5 1-0

[Event "AUTO-OPEN-3871"]
[Site "http://www.queenalice.com/game.php?id=1503742"]
[Date "2017.11.15"]
[Round "1"]
[White "ipatov"]
[Black "maurice91"]
[Result "0-1"]
[WhiteElo "2223"]
[BlackElo "1823"]

1. c4 c6 2. Nc3 d5 3. d4 Nf6 4. Nf3 e6 5. e3 Nbd7 6. Qc2 Be7 7. g4 Nxg4 8. Rg1
f5 9. h3 Nxf2 10. Kxf2 Bh4+ 11. Nxh4 Qxh4+ 12. Kg2 Nf6 13. Qf2 Qh5 14. Be2 Qf7
15. b3 g6 16. Ba3 Bd7 17. Raf1 O-O-O 18. Bd6 Ne4 0-1

[Event "AUTO-ELITE-1914"]
[Site "http://www.queenalice.com/game.php?id=1508948"]
[Date "2017.12.21"]
[Round "1"]
[White "kookaburra"]
[Black "ipatov"]
[Result "1-0"]
[WhiteElo "2297"]
[BlackElo "2109"]

1. e4 c5 2. Nf3 e6 3. Nc3 Nc6 4. Be2 d5 5. exd5 exd5 6. d4 Nf6 7. Bg5 cxd4 8.
Nxd4 Be7 9. O-O O-O 10. a3 Qb6 11. Nb3 d4 12. Bxf6 1-0

[Event "AUTO-ELITE-1914"]
[Site "http://www.queenalice.com/game.php?id=1508949"]
[Date "2017.12.21"]
[Round "1"]
[White "ipatov"]
[Black "kookaburra"]
[Result "0-1"]
[WhiteElo "2116"]
[BlackElo "2290"]

1. d4 Nf6 2. c4 e6 3. Nc3 b6 4. e4 Bb7 5. e5 Ne4 6. Nge2 d6 7. Nxe4 Bxe4 8. Nc3
Bb7 9. Qg4 Nd7 10. f4 dxe5 0-1